[Event "SVK-ch U12"]
[Site "Stara Lubovna"]
[Date "2022.05.26"]
[Round "7"]
[White "Gobl, Fabian"]
[Black "Stavac, Teodor"]
[Result "0-1"]
[WhiteElo "1017"]
[BlackElo "1000"]
[PlyCount "53"]
[EventDate "2022.05.21"]
[EventType "swiss"]
[EventRounds "9"]
[EventCountry "SVK"]
[SourceTitle "CBM 208 Extra"]
[Source "ChessBase"]
[SourceDate "2022.07.31"]
[SourceVersion "1"]
[SourceVersionDate "2022.07.31"]
[SourceQuality "1"]

1. d4 d5 2. Nf3 Nf6 3. Bf4 Bg4 4. Nbd2 e6 5. e3 Bd6 6. Bxd6 Qxd6 7. Be2 Nc6 8. h3 Bh5 9. c3 0-0 10. Nf1 Ne4 11. Qc2 Rfe8 12. g4 Bg6 13. Bd3 e5 14. 0-0-0 exd4 15. Nxd4 Nxd4 16. exd4 Qf4+ 17. Nd2 Nxf2 18. Bxg6 hxg6 19. Rhf1 Re2 20. Kb1 Qe3 21. Rxf2 Rxf2 22. h4 Re8 23. Qc1 Qd3+ 24. Qc2 Qxc2+ 25. Kxc2 f6 26. Kb3 f5 27. Rf1 0-1

[Event "SVK-ch U12"]
[Site "Stara Lubovna"]
[Date "2022.05.21"]
[Round "1"]
[White "Meszaros, Casey Ryan"]
[Black "Gobl, Fabian"]
[Result "1-0"]
[WhiteElo "1757"]
[BlackElo "1017"]
[PlyCount "89"]
[EventDate "2022.05.21"]
[EventType "swiss"]
[EventRounds "9"]
[EventCountry "SVK"]
[SourceTitle "CBM 208 Extra"]
[Source "ChessBase"]
[SourceDate "2022.07.31"]
[SourceVersion "1"]
[SourceVersionDate "2022.07.31"]
[SourceQuality "1"]

1. e4 e5 2. Nf3 Nc6 3. Bb5 a6 4. Bxc6 bxc6 5. Nxe5 Qe7 6. d4 d6 7. Nf3 Qxe4+ 8. Be3 Nf6 9. 0-0 Qg6 10. Re1 Be6 11. Ng5 Be7 12. Qe2 0-0 13. f3 Rfe8 14. Nxe6 fxe6 15. c4 c5 16. dxc5 dxc5 17. Nc3 Rad8 18. Rad1 Rxd1 19. Rxd1 Rd8 20. Rxd8+ Bxd8 21. Bxc5 Qf7 22. b4 Be7 23. Na4 Nd7 24. Qe3 Nxc5 25. Nxc5 Bxc5 26. Qxc5 Qf4 27. Kf2 Qh4+ 28. Kf1 Qxh2 29. Qe7 h6 30. Qxe6+ Kh8 31. Qe8+ Kh7 32. Qe4+ Kh8 33. b5 axb5 34. cxb5 Qd6 35. a4 Qd1+ 36. Kf2 Qd2+ 37. Kg1 Qc1+ 38. Kh2 Qc5 39. Qc6 Qe5+ 40. g3 Qe2+ 41. Kh3 Qe7 42. a5 Qe5 43. Qa8+ Kh7 44. Qe4+ Qxe4 45. fxe4 1-0

[Event "SVK-ch U10"]
[Site "Liptovsky Mikulas"]
[Date "2019.04.30"]
[Round "9"]
[White "Duda, Filip"]
[Black "Gobl, Fabian"]
[Result "0-1"]
[WhiteElo "1091"]
[BlackElo "1028"]
[PlyCount "86"]
[EventDate "2019.04.23"]
[EventType "swiss"]
[EventRounds "9"]
[EventCountry "SVK"]
[SourceTitle "CBM 190 Extra"]
[Source "ChessBase"]
[SourceDate "2019.07.15"]
[SourceVersion "1"]
[SourceVersionDate "2019.07.15"]
[SourceQuality "1"]

1. e4 e5 2. Nf3 Nf6 3. Nc3 Nc6 4. a3 h6 5. Bc4 Nxe4 6. Nxe4 d5 7. Bxd5 Qxd5 8. Nc3 Qe6 9. 0-0 Be7 10. Re1 0-0 11. d4 Rd8 12. Bf4 Bf6 13. d5 Qe7 14. Re3 Nb8 15. Bxe5 Bxe5 16. Rxe5 Qf6 17. Qd3 Nc6 18. Re4 Bf5 19. Nh4 Bxe4 20. Nxe4 Qxh4 21. g3 Qe7 22. Re1 Rd7 23. Nf6+ Qxf6 24. Re3 Ne5 25. Qe2 Rxd5 26. f4 Ng6 27. c4 Rdd8 28. Qe1 Qxb2 29. Re2 Qd4+ 30. Qf2 Qxc4 31. Rc2 Rd1+ 32. Kg2 Qd5+ 33. Qf3 Rd2+ 34. Rxd2 Qxd2+ 35. Qf2 Qd5+ 36. Qf3 Qa2+ 37. Qf2 Qxa3 38. Qf3 Qe7 39. Qxb7 Rd8 40. Qxa7 Rd2+ 41. Kh3 Qd7+ 42. g4 Qd3+ 43. Qe3 Qxe3# 0-1

[Event "SVK-ch U10"]
[Site "Liptovsky Mikulas"]
[Date "2019.04.25"]
[Round "4"]
[White "Gobl, Fabian"]
[Black "Gollner, Martin"]
[Result "0-1"]
[WhiteElo "1028"]
[BlackElo "1113"]
[PlyCount "56"]
[EventDate "2019.04.23"]
[EventType "swiss"]
[EventRounds "9"]
[EventCountry "SVK"]
[SourceTitle "CBM 190 Extra"]
[Source "ChessBase"]
[SourceDate "2019.07.15"]
[SourceVersion "1"]
[SourceVersionDate "2019.07.15"]
[SourceQuality "1"]

1. e4 e5 2. Nf3 Nc6 3. Bc4 Bc5 4. 0-0 Nf6 5. d3 d5 6. exd5 Nxd5 7. Re1 f6 8. Bg5 fxg5 9. Nxe5 0-0 10. Nd2 Bxf2+ 11. Kh1 Bxe1 12. Qxe1 Kh8 13. Qg3 Nxe5 14. Qxe5 Rf5 15. Qe2 Nf4 16. Qg4 Re5 17. Nf3 b5 18. Nxe5 bxc4 19. Qxf4 gxf4 20. Nf7+ Kg8 21. Nxd8 Rb8 22. dxc4 Bd7 23. Rf1 g5 24. Ne6 Bxe6 25. Re1 Bxc4 26. b3 Bf7 27. Re5 h6 28. Rc5 Rb7 0-1

[Event "SVK-ch U10"]
[Site "Liptovsky Mikulas"]
[Date "2019.04.24"]
[Round "3"]
[White "Kusy, Adam"]
[Black "Gobl, Fabian"]
[Result "0-1"]
[WhiteElo "1211"]
[BlackElo "1028"]
[PlyCount "75"]
[EventDate "2019.04.23"]
[EventType "swiss"]
[EventRounds "9"]
[EventCountry "SVK"]
[SourceTitle "CBM 190 Extra"]
[Source "ChessBase"]
[SourceDate "2019.07.15"]
[SourceVersion "1"]
[SourceVersionDate "2019.07.15"]
[SourceQuality "1"]

1. c4 e6 2. d4 f5 3. e3 Nf6 4. Bd3 Bb4+ 5. Bd2 Qe7 6. Nf3 Nc6 7. a3 Bxd2+ 8. Qxd2 d6 9. Qc2 e5 10. dxe5 Nxe5 11. Nxe5 Qxe5 12. 0-0 Be6 13. Nc3 0-0-0 14. Rfe1 d5 15. cxd5 Nxd5 16. Nxd5 Qxd5 17. Rac1 c6 18. b4 Qxd3 19. Qb2 g6 20. Qe5 Rhe8 21. Qb2 Rd7 22. h3 Qe4 23. b5 Bd5 24. f3 Qh4 25. bxc6 Bxc6 26. Rb1 Qg3 27. Rec1 Rc7 28. Re1 Bxf3 29. Rf1 Bc6 30. Rbd1 Re5 31. Rf2 Qxe3 32. Qa2 Rce7 33. Qg8+ Re8 34. Qa2 Re4 35. Rb1 g5 36. Kh1 Rh4 37. Kg1 Rxh3 38. gxh3 0-1

[Event "SVK-ch U08"]
[Site "Liptovsky Mikulas"]
[Date "2018.04.25"]
[Round "7"]
[White "Meszaros, Casey Ryan"]
[Black "Gobl, Fabian"]
[Result "1-0"]
[WhiteElo "1000"]
[BlackElo "1118"]
[PlyCount "70"]
[EventDate "2018.04.21"]
[EventType "swiss"]
[EventRounds "9"]
[EventCountry "SVK"]
[SourceTitle "CBM 184 Extra"]
[Source "ChessBase"]
[SourceDate "2018.06.28"]
[SourceVersion "1"]
[SourceVersionDate "2018.06.28"]
[SourceQuality "1"]

1. e4 e5 2. Nf3 Nf6 3. Nxe5 d6 4. Nf3 Nxe4 5. d3 Nf6 6. Qe2+ Qe7 7. Qxe7+ Bxe7 8. Be2 0-0 9. 0-0 Nfd7 10. Nc3 Nb6 11. Re1 Nc6 12. a3 Be6 13. Bf4 Rfc8 14. Rad1 d5 15. Nb5 a6 16. Nxc7 Rab8 17. Nxe6 fxe6 18. Bxb8 Rxb8 19. Bf1 Kf7 20. g3 Bd6 21. Bh3 Re8 22. Ng5+ Kg6 23. Rxe6+ Rxe6 24. Nxe6 Kf7 25. Ng5+ Kg8 26. Re1 Be7 27. Be6+ Kf8 28. Nxh7+ Ke8 29. Bf5 Kf7 30. Kg2 g6 31. Be6+ Kg7 32. Ng5 Bxg5 33. f4 Bf6 34. b3 Nd8 35. Bh3 d4 1-0

[Event "SVK-ch U08"]
[Site "Liptovsky Mikulas"]
[Date "2018.04.24"]
[Round "6"]
[White "Gobl, Fabian"]
[Black "Zvoda, Matej"]
[Result "1-0"]
[WhiteElo "1118"]
[BlackElo "1000"]
[PlyCount "72"]
[EventDate "2018.04.21"]
[EventType "swiss"]
[EventRounds "9"]
[EventCountry "SVK"]
[SourceTitle "CBM 184 Extra"]
[Source "ChessBase"]
[SourceDate "2018.06.28"]
[SourceVersion "1"]
[SourceVersionDate "2018.06.28"]
[SourceQuality "1"]

1. d4 d5 2. Nf3 Nc6 3. Bf4 Bf5 4. e3 e6 5. Nbd2 Bb4 6. c3 Ba5 7. Be2 Nge7 8. 0-0 0-0 9. h3 Qd7 10. Rc1 Rad8 11. b4 Bb6 12. a4 a5 13. b5 Na7 14. c4 Nac8 15. c5 Ba7 16. b6 cxb6 17. cxb6 Nxb6 18. Rc7 Qe8 19. Rxb7 Ra8 20. Bb5 Nd7 21. Bxd7 Qd8 22. Bb5 Nc8 23. Bc6 Rb8 24. Bxb8 Qf6 25. Bxa7 Qg6 26. Bc5 Bxh3 27. Nh4 Qg5 28. Ndf3 Qg4 29. Rb8 g5 30. Bb5 gxh4 31. Nxh4 Qxh4 32. g3 Qe4 33. f3 Qe5 34. dxe5 Kg7 35. Bxf8+ Kxf8 36. Rxc8+ Kg7 1-0